000
00462nam a2200145Ia 4500
008
090124s9999 xx 000 0 und d
082
_b
305045
245
_a
अपूर्व अलौकिक एकमेव
250
_a
1
260
_b
भोसले यशोधरा
_c
2004
300
_a
108
630
_a
अपूर्व अलौकिक एकमेव
730
_a
अपूर्व अलौकिक एकमेव
942
_c
BOOK
999
_c
195001
_d
195001